000 00373nam a22001457a 4500
008 250514b |||||||| |||| 00| 0 eng d
020 _a067346525
050 _aHD.58.7
_b.G32
100 _aGiacalone Robert
245 _aIntroduction to organisational behavior
250 _a4th edition
260 _aUSA
_bHarper collins publishers
_c2017
300 _a215p.
942 _cBK
999 _c3502
_d3502